000 004950000a22001690004500
003 MACL
005 20160304134629.0
008 160304b xxu||||| |||| 00| 0 eng d
040 _aMACL
_cMACL
041 _aHindi
082 _a891.432
100 _aउमा शंकर बहादुर
_942645
245 _aवचन का मोल
260 _bबेटर बुक्‍स कंपनी
_c1951
_aदिल्‍ली
650 _aDrama
_942646
942 _cHIN
_k891.432
_2ddc
999 _c24423
_d24423